000 00562nam a2200229Ia 4500
003 OSt
005 20220924152345.0
006 a|||||r|||| 00| 0
007 ta
008 220923b |||||||| |||| 00| 0 mar d
024 _a342213
037 _cTextual
040 _aARTS
_cARTS
_bmar
041 _2mar
_amar
082 _aP155, 155L2
100 _aVaidh S.D.
_9226493
245 0 _aMaraheechey bhasha shastr
260 _c1972
650 _aLINGUISTICS
942 _hP155, 155L2
_cTEXL
_2CC
999 _c469600
_d469600